[Event "Gibraltar Chess Festival 2017 - Masters"]
[Site "Gibraltar ENG"]
[Date "2017.01.27"]
[Round "4.40"]
[White "Kollars, Dmitrij"]
[Black "Lazarne Vajda, Szidonia"]
[Result "1/2-1/2"]
[WhiteElo "2500"]
[BlackElo "2364"]
[PlyCount "162"]
[EventDate "2017.01.24"]
[EventType "swiss"]
[EventRounds "10"]
[EventCountry "ENG"]
[SourceTitle "Ajedrez en Madrid"]
[Source "lmi"]
[SourceDate "2017.01.24"]

1. e4 e5 2. Nf3 Nc6 3. Bb5 a6 4. Ba4 Nf6 5. O-O Nxe4 6. d4 b5 7. Bb3 d5 8. dxe5
Be6 9. Qe2 Be7 10. Rd1 O-O 11. c4 bxc4 12. Bxc4 Bc5 13. Be3 Bxe3 14. Qxe3 Qb8
15. Bb3 Qb6 16. Nbd2 Qxe3 17. fxe3 Na5 18. Rac1 Nxd2 19. Rxd2 Nc4 20. Bxc4 dxc4
21. Ng5 Rfd8 22. Rxd8+ Rxd8 23. Nxe6 fxe6 24. Rxc4 Rd1+ 25. Kf2 Rd2+ 26. Kf3
Rxb2 27. Rxc7 Rxa2 28. Re7 Ra5 29. Rxe6 Kf7 30. Rb6 Rxe5 31. Rxa6 Rf5+ 32. Ke2
Rh5 33. h3 Rg5 34. Kf3 Rf5+ 35. Kg4 Rf2 36. Kg3 Re2 37. Kf3 Re1 38. h4 Rf1+ 39.
Ke2 Rh1 40. g3 h6 41. e4 Rb1 42. Kf3 Rb3+ 43. Kg4 Rb5 44. Rd6 Ke7 45. Rd5 Rb6
46. Re5+ Kf6 47. Rf5+ Ke6 48. Ra5 Ke7 49. Kf4 Rf6+ 50. Rf5 Ra6 51. Re5+ Kf6 52.
Rb5 Rc6 53. Ra5 Rb6 54. Ra7 g5+ 55. hxg5+ hxg5+ 56. Kg4 Re6 57. Ra4 Kg6 58. Rb4
Re5 59. Rb6+ Kf7 60. Kf3 Ra5 61. Rd6 Ra4 62. e5 Rb4 63. Rf6+ Kg7 64. Rd6 Kf7
65. Ke3 Rb3+ 66. Rd3 Rb4 67. Rd6 Rb3+ 68. Kf2 Rb5 69. Rf6+ Kg7 70. Rf5 Kg6 71.
g4 Rb2+ 72. Kg3 Re2 73. Kf3 Re1 74. Rf6+ Kg7 75. Re6 Kf8 76. Rf6+ Kg7 77. Rf5
Kg6 78. Kf2 Re4 79. Kg3 Re3+ 80. Kg2 Re2+ 81. Kf3 Re1 1/2-1/2

[Event "Gibraltar Chess Festival 2017 - Masters"]
[Site "Gibraltar ENG"]
[Date "2017.01.27"]
[Round "4.41"]
[White "Bellahcene, Bilel"]
[Black "Sahl, Bjarke"]
[Result "1/2-1/2"]
[WhiteElo "2493"]
[BlackElo "2363"]
[PlyCount "57"]
[EventDate "2017.01.24"]
[EventType "swiss"]
[EventRounds "10"]
[EventCountry "ENG"]
[SourceTitle "Ajedrez en Madrid"]
[Source "lmi"]
[SourceDate "2017.01.24"]

1. d4 Nf6 2. c4 g6 3. Nc3 Bg7 4. e4 d6 5. h3 O-O 6. Nf3 Na6 7. Bg5 h6 8. Be3 c5
9. d5 e6 10. Bd3 exd5 11. exd5 Nb4 12. Bb1 b5 13. cxb5 Bb7 14. O-O Nbxd5 15.
Nxd5 Nxd5 16. Bc1 Re8 17. a4 Nb4 18. Ra3 a6 19. bxa6 Rxa6 20. Re3 Rxe3 21. fxe3
Qa8 22. b3 Rb6 23. Rf2 Nd5 24. Bd3 Nc3 25. Qc2 Ne4 26. Rf1 Ng3 27. Rf2 Ne4 28.
Rf1 Ng3 29. Rf2 1/2-1/2

[Event "Gibraltar Chess Festival 2017 - Masters"]
[Site "Gibraltar ENG"]
[Date "2017.01.27"]
[Round "4.43"]
[White "Paehtz, Thomas"]
[Black "Dragnev, Valentin"]
[Result "0-1"]
[WhiteElo "2365"]
[BlackElo "2492"]
[PlyCount "78"]
[EventDate "2017.01.24"]
[EventType "swiss"]
[EventRounds "10"]
[EventCountry "ENG"]
[SourceTitle "Ajedrez en Madrid"]
[Source "lmi"]
[SourceDate "2017.01.24"]

1. e4 e5 2. Bc4 Nf6 3. d3 c6 4. Nf3 d5 5. Bb3 a5 6. a3 a4 7. Ba2 Bd6 8. Nc3 Be6
9. O-O dxe4 10. Nxe4 Bxa2 11. Nxd6+ Qxd6 12. Rxa2 O-O 13. Re1 Nbd7 14. Ra1 Rfe8
15. Bg5 Nd5 16. c4 Nc7 17. d4 e4 18. Ne5 Nxe5 19. Bf4 Nf3+ 20. Qxf3 Qxd4 21.
Qe2 Ne6 22. Be3 Qe5 23. Rad1 Re7 24. Qc2 f5 25. c5 Kh8 26. f4 Nxf4 27. Bxf4
Qxf4 28. Qxa4 Rae8 29. Qd4 Qg5 30. Qd6 f4 31. b4 e3 32. Kh1 h6 33. Rd4 Re5 34.
Qd7 e2 35. Rd3 Qh4 36. g3 fxg3 37. Rxg3 Qf6 38. Qh3 Qf2 39. Rgg1 Rg5 0-1

[Event "Gibraltar Chess Festival 2017 - Masters"]
[Site "Gibraltar ENG"]
[Date "2017.01.27"]
[Round "4.44"]
[White "Krysa, Leandro"]
[Black "Papp, Petra"]
[Result "1/2-1/2"]
[WhiteElo "2491"]
[BlackElo "2352"]
[PlyCount "103"]
[EventDate "2017.01.24"]
[EventType "swiss"]
[EventRounds "10"]
[EventCountry "ENG"]
[SourceTitle "Ajedrez en Madrid"]
[Source "lmi"]
[SourceDate "2017.01.24"]

1. d4 Nf6 2. c4 g6 3. Nf3 Bg7 4. g3 c6 5. Bg2 d5 6. Ne5 O-O 7. cxd5 cxd5 8. Nc3
e6 9. O-O Nfd7 10. Nf3 Nf6 11. Bf4 Nc6 12. Rc1 Ne8 13. e4 dxe4 14. Nxe4 Nxd4
15. Nxd4 Qxd4 16. b3 Qxd1 17. Rfxd1 Nf6 18. Nxf6+ Bxf6 19. Rc7 e5 20. Be3 Bd8
21. Rc5 Bf6 22. Rc7 Bd8 23. Bxb7 Bxc7 24. Bxa8 Bg4 25. f3 Be6 26. Be4 Bb6 27.
Bxb6 axb6 28. Rd6 Rb8 29. Bd5 Bxd5 30. Rxd5 Re8 31. Rb5 Re6 32. Kf2 Kg7 33. Ke3
f5 34. a4 Kf6 35. b4 Rc6 36. Kd3 Rd6+ 37. Ke3 Rc6 38. h4 h5 39. Kd3 Rd6+ 40.
Ke3 Rc6 41. Ke2 Ke6 42. Kd3 Rd6+ 43. Ke2 Rc6 44. a5 bxa5 45. bxa5 Rc3 46. Rb6+
Kf7 47. a6 Ra3 48. Rb7+ Kf6 49. Rb6+ Kf7 50. Rb7+ Kf6 51. a7 e4 52. fxe4
1/2-1/2

[Event "Gibraltar Chess Festival 2017 - Masters"]
[Site "Gibraltar ENG"]
[Date "2017.01.27"]
[Round "4.45"]
[White "Vuilleumier, Alexandre"]
[Black "Steinberg, Nitzan"]
[Result "1/2-1/2"]
[WhiteElo "2347"]
[BlackElo "2486"]
[PlyCount "68"]
[EventDate "2017.01.24"]
[EventType "swiss"]
[EventRounds "10"]
[EventCountry "ENG"]
[SourceTitle "Ajedrez en Madrid"]
[Source "lmi"]
[SourceDate "2017.01.24"]

1. d4 Nf6 2. Nf3 e6 3. g3 d5 4. Bg2 b5 5. O-O Be7 6. a4 b4 7. c4 bxc3 8. bxc3
Ba6 9. Ne5 Nfd7 10. Nd3 Nc6 11. e4 Nf6 12. exd5 Nxd5 13. Re1 O-O 14. Nf4 Na5
15. Nxd5 exd5 16. Ba3 Bxa3 17. Nxa3 Rb8 18. Nc2 c6 19. Nb4 Bc4 20. Qg4 Qd6 21.
Re5 Rfe8 22. Rae1 Rxe5 23. dxe5 Qe6 24. Qh4 g6 25. Bh3 f5 26. g4 c5 27. gxf5
gxf5 28. Nc2 Kh8 29. Qf6+ Qxf6 30. exf6 Rg8+ 31. Bg2 f4 32. f3 Rf8 33. Re7 a6
34. Rc7 Kg8 1/2-1/2

[Event "Gibraltar Chess Festival 2017 - Masters"]
[Site "Gibraltar ENG"]
[Date "2017.01.27"]
[Round "4.46"]
[White "Rakesh, Kumar Jena"]
[Black "Kobo, Ori"]
[Result "0-1"]
[WhiteElo "2335"]
[BlackElo "2482"]
[PlyCount "48"]
[EventDate "2017.01.24"]
[EventType "swiss"]
[EventRounds "10"]
[EventCountry "ENG"]
[SourceTitle "Ajedrez en Madrid"]
[Source "lmi"]
[SourceDate "2017.01.24"]

1. e4 e6 2. d4 d5 3. Nd2 Be7 4. Bd3 c5 5. dxc5 Nf6 6. exd5 Qxd5 7. Ngf3 Nbd7 8.
O-O Nxc5 9. Bc4 Qc6 10. Ne5 Qc7 11. Qe2 O-O 12. Ndf3 b6 13. b3 Bb7 14. Bb2 Rad8
15. Rad1 Nd5 16. Rd4 f6 17. Nd3 Kh8 18. Bxd5 Rxd5 19. Nxc5 Bxc5 20. Rh4 Qf7 21.
b4 Bd6 22. Re1 Bb8 23. Qxe6 Qxe6 24. Rxe6 Rd1+ 0-1

[Event "Gibraltar Chess Festival 2017 - Masters"]
[Site "Gibraltar ENG"]
[Date "2017.01.27"]
[Round "4.47"]
[White "Debashis, Das"]
[Black "Wantiez, Fabrice"]
[Result "1-0"]
[WhiteElo "2472"]
[BlackElo "2312"]
[PlyCount "103"]
[EventDate "2017.01.24"]
[EventType "swiss"]
[EventRounds "10"]
[EventCountry "ENG"]
[SourceTitle "Ajedrez en Madrid"]
[Source "lmi"]
[SourceDate "2017.01.24"]

1. Nf3 Nf6 2. c4 g6 3. b3 Bg7 4. Bb2 O-O 5. g3 c5 6. Bg2 Nc6 7. O-O d6 8. d4
Bf5 9. d5 Na5 10. Nbd2 a6 11. Re1 b5 12. e4 Bg4 13. Qc2 bxc4 14. bxc4 Rb8 15.
Rab1 Qc7 16. Nh4 Nh5 17. Bxg7 Nxg7 18. Qc3 Bd7 19. f4 f6 20. Nhf3 e5 21. dxe6
Rxb1 22. Rxb1 Nxe6 23. f5 Ng7 24. g4 Nc6 25. Nf1 Ne5 26. Nxe5 dxe5 27. Ne3 Rb8
28. Rf1 g5 29. Nd5 Qd6 30. h4 h6 31. hxg5 hxg5 32. Qa5 Be8 33. Rd1 Bf7 34. Nc3
Qc6 35. Nd5 Qd6 36. Rd3 Ne8 37. Qd2 Kg7 38. Bf1 Rb7 39. Nc3 Qc6 40. Qh2 Bg8 41.
Rh3 Kf8 42. Rh8 Rg7 43. Qh6 Qd6 44. Nd5 Qd7 45. Bd3 Qd6 46. Bc2 Qd8 47. Kf1 Kf7
48. Ba4 Nd6 49. Nxf6 Qb8 50. Bb3 Qb7 51. Nxg8 Qxe4 52. Qe6+ 1-0

[Event "Gibraltar Chess Festival 2017 - Masters"]
[Site "Gibraltar ENG"]
[Date "2017.01.27"]
[Round "4.48"]
[White "Mannion, Stephen R"]
[Black "Esserman, Marc"]
[Result "1-0"]
[WhiteElo "2326"]
[BlackElo "2468"]
[PlyCount "113"]
[EventDate "2017.01.24"]
[EventType "swiss"]
[EventRounds "10"]
[EventCountry "ENG"]
[SourceTitle "Ajedrez en Madrid"]
[Source "lmi"]
[SourceDate "2017.01.24"]

1. e4 c5 2. Nf3 d6 3. d4 cxd4 4. Nxd4 Nf6 5. Nc3 a6 6. h3 e5 7. Nb3 Be7 8. g4
h6 9. Be3 Nbd7 10. Bg2 b5 11. a4 b4 12. Nd5 Nxd5 13. Qxd5 Rb8 14. a5 Bb7 15.
Qd2 Bc6 16. O-O Qc7 17. Rfd1 Qb7 18. f3 O-O 19. Bf1 Rfc8 20. Bd3 Nf6 21. Qe2
Ra8 22. Bf2 d5 23. Re1 Nd7 24. Rad1 Nf8 25. exd5 Bxd5 26. Qxe5 Bxf3 27. Be4
Bxe4 28. Qxe4 Qxe4 29. Rxe4 Ne6 30. Nd4 Bc5 31. Nxe6 Bxf2+ 32. Kxf2 Rxc2+ 33.
Re2 Rxe2+ 34. Kxe2 fxe6 35. Rd4 Rb8 36. Rd6 Rc8 37. Rxe6 Rc2+ 38. Kd3 Rxb2 39.
Rxa6 Rb3+ 40. Kc4 Rxh3 41. Rb6 Kf7 42. a6 Ke7 43. Kxb4 Rh1 44. Kb5 Ra1 45. Rg6
Kf7 46. Rc6 Ke7 47. Kb6 Kd7 48. Kb7 Ra4 49. Rc7+ Ke6 50. Rxg7 Kf6 51. Rg8 Kf7
52. Rh8 Kg7 53. Rd8 Rb4+ 54. Kc6 Ra4 55. Kb5 Ra1 56. Rd6 Rb1+ 57. Kc6 1-0

[Event "Gibraltar Chess Festival 2017 - Masters"]
[Site "Gibraltar ENG"]
[Date "2017.01.27"]
[Round "4.49"]
[White "Paehtz, Elisabeth"]
[Black "Loh, Zachary"]
[Result "1-0"]
[WhiteElo "2468"]
[BlackElo "2291"]
[PlyCount "55"]
[EventDate "2017.01.24"]
[EventType "swiss"]
[EventRounds "10"]
[EventCountry "ENG"]
[SourceTitle "Ajedrez en Madrid"]
[Source "lmi"]
[SourceDate "2017.01.24"]

1. e4 c5 2. Nf3 Nc6 3. Bb5 e6 4. Bxc6 bxc6 5. d3 Ne7 6. Qe2 Qc7 7. Nc3 e5 8.
Nh4 g6 9. O-O Bg7 10. f4 exf4 11. Bxf4 d6 12. Qf2 Qd7 13. Qg3 d5 14. Bd6 Bd4+
15. Kh1 Qg4 16. Qe1 Qd7 17. e5 O-O 18. Na4 c4 19. dxc4 Ba6 20. Rf4 Bb6 21. c5
Bd8 22. Qg3 Re8 23. Re1 Nc8 24. Nf5 f6 25. Nh6+ Kg7 26. exf6+ Bxf6 27. Rxf6
Rxe1+ 28. Qxe1 1-0

[Event "Gibraltar Chess Festival 2017 - Masters"]
[Site "Gibraltar ENG"]
[Date "2017.01.27"]
[Round "4.50"]
[White "Ider, Borya"]
[Black "Gonzalez Gonzalez, Alfonso"]
[Result "1-0"]
[WhiteElo "2463"]
[BlackElo "2162"]
[PlyCount "125"]
[EventDate "2017.01.24"]
[EventType "swiss"]
[EventRounds "10"]
[EventCountry "ENG"]
[SourceTitle "Ajedrez en Madrid"]
[Source "lmi"]
[SourceDate "2017.01.24"]

1. Nf3 c5 2. g3 Nc6 3. d4 cxd4 4. Nxd4 e5 5. Nxc6 dxc6 6. Qxd8+ Kxd8 7. f4 Bd6
8. Nc3 f5 9. Bh3 exf4 10. Bxf4 Bxf4 11. gxf4 Nf6 12. Bg2 Kc7 13. Bf3 Re8 14.
Kf2 Re7 15. b4 Be6 16. Rhd1 Rae8 17. a4 Bf7 18. Rd4 Bh5 19. Bxh5 Nxh5 20. Rad1
Nf6 21. h3 Kc8 22. R1d3 Nd5 23. Nxd5 Rxe2+ 24. Kf3 cxd5 25. Rc3+ Kb8 26. Rxd5
R2e4 27. Rxf5 Rxb4 28. a5 a6 29. Rf7 h5 30. f5 Re5 31. Rb3 Rbb5 32. Rxb5 axb5
33. Kf4 Rc5 34. Rxg7 Rxc2 35. f6 Rf2+ 36. Ke5 Ka7 37. Rg5 b4 38. Ke6 Ka6 39. f7
b3 40. Rg3 b2 41. Rb3 Re2+ 42. Kf6 Rf2+ 43. Kg6 Rg2+ 44. Kxh5 Rf2 45. Kg6 Rg2+
46. Kf6 Rf2+ 47. Ke7 Re2+ 48. Kf8 Kxa5 49. Rxb7 Ka4 50. Kg7 Rg2+ 51. Kh6 Rf2
52. Rxb2 Rxf7 53. h4 Rf8 54. h5 Rc8 55. Rb7 Rc6+ 56. Kg7 Rc2 57. h6 Rg2+ 58.
Kh8 Rc2 59. h7 Rg2 60. Rb8 Rg1 61. Rg8 Rc1 62. Kg7 Rc7+ 63. Kg6 1-0

[Event "Gibraltar Chess Festival 2017 - Masters"]
[Site "Gibraltar ENG"]
[Date "2017.01.27"]
[Round "4.51"]
[White "Welling, Gerard"]
[Black "Cramling, Pia"]
[Result "1/2-1/2"]
[WhiteElo "2314"]
[BlackElo "2454"]
[PlyCount "89"]
[EventDate "2017.01.24"]
[EventType "swiss"]
[EventRounds "10"]
[EventCountry "ENG"]
[SourceTitle "Ajedrez en Madrid"]
[Source "lmi"]
[SourceDate "2017.01.24"]

1. c4 e6 2. Nf3 Nf6 3. g3 d5 4. b3 Be7 5. Bg2 O-O 6. O-O b6 7. d3 Bb7 8. Nc3 c5
9. e3 Nc6 10. Bb2 Qd7 11. Qe2 Rad8 12. Rfd1 Qc7 13. Nb5 Qb8 14. Nc3 Rfe8 15.
cxd5 exd5 16. d4 Bf8 17. Qc2 Nb4 18. Qb1 h6 19. a3 Nc6 20. Qc2 Ne4 21. Nxe4
dxe4 22. Ne5 Nxe5 23. dxe5 Rxd1+ 24. Rxd1 Rd8 25. h4 Rxd1+ 26. Qxd1 Qc8 27. Kh2
Qe6 28. Qc2 Bd5 29. Bxe4 Bxe4 30. Qxe4 Qxb3 31. Ba1 b5 32. Kg2 a5 33. g4 b4 34.
g5 hxg5 35. hxg5 Qe6 36. Kg3 c4 37. f4 g6 38. Qa8 c3 39. Qxa5 c2 40. Qc7 Qb3
41. Bd4 bxa3 42. Qc8 a2 43. Bc5 c1=Q 44. Qxf8+ Kh7 45. Qh6+ 1/2-1/2

[Event "Gibraltar Chess Festival 2017 - Masters"]
[Site "Gibraltar ENG"]
[Date "2017.01.27"]
[Round "4.52"]
[White "Tate, Alan"]
[Black "Istratescu, Andrei"]
[Result "1/2-1/2"]
[WhiteElo "2309"]
[BlackElo "2593"]
[PlyCount "130"]
[EventDate "2017.01.24"]
[EventType "swiss"]
[EventRounds "10"]
[EventCountry "ENG"]
[SourceTitle "Ajedrez en Madrid"]
[Source "lmi"]
[SourceDate "2017.01.24"]

1. e4 c6 2. d4 d5 3. e5 Bf5 4. h4 Qc7 5. c4 dxc4 6. Bxc4 e6 7. Nc3 h6 8. Be3
Nd7 9. Rc1 Ne7 10. Bb3 a6 11. Nge2 Nb6 12. Nf4 O-O-O 13. Qf3 Kb8 14. h5 Qd7 15.
O-O Ned5 16. Ncxd5 Nxd5 17. Nxd5 exd5 18. Qg3 Ka8 19. Bc2 Bxc2 20. Rxc2 Qf5 21.
Rfc1 Qxh5 22. Bd2 Qg6 23. Qxg6 fxg6 24. b4 Kb8 25. a4 Be7 26. b5 cxb5 27. axb5
Rc8 28. bxa6 Rxc2 29. Rxc2 bxa6 30. Rc6 g5 31. Re6 Bd8 32. Rxa6 Be7 33. Re6 Ba3
34. Ra6 Be7 35. Re6 Ba3 36. Rg6 Rg8 37. f4 gxf4 38. Bxf4 h5 39. e6+ Kc8 40. Bg5
Re8 41. Bf4 Be7 42. Be5 Bf6 43. Bxf6 Rxe6 44. Rxg7 Rxf6 45. Rg5 Rf4 46. Rxd5 h4
47. Kh2 Rg4 48. Rh5 Rxd4 49. Kh3 Kd7 50. Rxh4 Rd3+ 51. Kh2 Ke7 52. Rf4 Ra3 53.
Kg1 Ra2 54. Rf3 Ra6 55. Kf2 Rg6 56. Rf4 Rg8 57. Kf3 Rg6 58. Rg4 Ra6 59. Rg5 Kf6
60. Kg4 Ra8 61. Kh4 Rh8+ 62. Rh5 Ra8 63. Rh6+ Kg7 64. Rb6 Ra5 65. g4 Rc5
1/2-1/2

[Event "Gibraltar Chess Festival 2017 - Masters"]
[Site "Gibraltar ENG"]
[Date "2017.01.27"]
[Round "4.53"]
[White "Webb, Laurence E"]
[Black "Kaidanov, Gregory S"]
[Result "0-1"]
[WhiteElo "2313"]
[BlackElo "2572"]
[PlyCount "96"]
[EventDate "2017.01.24"]
[EventType "swiss"]
[EventRounds "10"]
[EventCountry "ENG"]
[SourceTitle "Ajedrez en Madrid"]
[Source "lmi"]
[SourceDate "2017.01.24"]

1. Nf3 d5 2. d4 Nf6 3. c4 e6 4. Nc3 c6 5. cxd5 exd5 6. Bg5 Bf5 7. Qb3 Nbd7 8.
Qxb7 Rb8 9. Qxc6 Rxb2 10. Bxf6 gxf6 11. Nxd5 Qa5+ 12. Kd1 Bc2+ 13. Kc1 Ba3 14.
Qc8+ Qd8 15. Nc7+ Ke7 16. Qxd8+ Rxd8 17. Nb5 Rxb5+ 18. Kxc2 Rb2+ 19. Kd3 Ne5+
20. Nxe5 fxe5 21. e3 Rxf2 22. Kc4 exd4 23. exd4 Rd2 24. Kb3 Bb2 25. Re1+ Kf8
26. Re4 Rb8+ 27. Kc4 Rc8+ 28. Kb3 Bxd4 29. Bc4 Rb2+ 30. Ka3 Rxc4 31. Rxd4 Rxa2+
32. Kxa2 Rxd4 33. Kb3 Rd2 34. g3 Kg7 35. Kc3 Ra2 36. Kd4 a5 37. Ke4 a4 38. Rd1
a3 39. Rd3 Re2+ 40. Kf3 a2 41. Ra3 Rxh2 42. Kg4 Kf6 43. Ra5 Ke6 44. Kf4 Kd6 45.
Kg5 Kc6 46. g4 Kb6 47. Ra8 Kb5 48. Kf6 Rh6+ 0-1

[Event "Gibraltar Chess Festival 2017 - Masters"]
[Site "Gibraltar ENG"]
[Date "2017.01.27"]
[Round "4.54"]
[White "Santos Ruiz, Miguel"]
[Black "Sodoma, Jan"]
[Result "1-0"]
[WhiteElo "2484"]
[BlackElo "2344"]
[PlyCount "73"]
[EventDate "2017.01.24"]
[EventType "swiss"]
[EventRounds "10"]
[EventCountry "ENG"]
[SourceTitle "Ajedrez en Madrid"]
[Source "lmi"]
[SourceDate "2017.01.24"]

1. e4 e5 2. Nf3 Nc6 3. Bb5 a6 4. Ba4 Nf6 5. O-O Be7 6. Re1 b5 7. Bb3 d6 8. c3
O-O 9. h3 Na5 10. Bc2 c5 11. d4 Nd7 12. Nbd2 exd4 13. cxd4 Re8 14. Nf1 Bb7 15.
d5 Nc4 16. Ng3 g6 17. b3 Nce5 18. Nh2 Bh4 19. Nhf1 Nb6 20. f4 Ned7 21. a4 bxa4
22. bxa4 a5 23. Kh2 Ba6 24. Bd2 Bf6 25. Rb1 Nc4 26. Bc1 Rb8 27. Ne3 Bc3 28. Rh1
Qh4 29. Nxc4 Bxc4 30. Qf3 Bd4 31. Bd2 h5 32. Ne2 Qf2 33. Nxd4 Qxd4 34. Bxa5 Ba2
35. Ra1 Qc4 36. Rhc1 Bb3 37. Bd3 1-0

[Event "Gibraltar Chess Festival 2017 - Masters"]
[Site "Gibraltar ENG"]
[Date "2017.01.27"]
[Round "4.55"]
[White "Povah, Nigel E"]
[Black "Salomon, Johan"]
[Result "0-1"]
[WhiteElo "2298"]
[BlackElo "2470"]
[PlyCount "50"]
[EventDate "2017.01.24"]
[EventType "swiss"]
[EventRounds "10"]
[EventCountry "ENG"]
[SourceTitle "Ajedrez en Madrid"]
[Source "lmi"]
[SourceDate "2017.01.24"]

1. d4 d5 2. Bg5 h6 3. Bh4 c6 4. e3 Qb6 5. Qc1 e5 6. Nf3 e4 7. Nfd2 Ne7 8. f3
Nf5 9. Bf2 exf3 10. gxf3 Be7 11. Bd3 O-O 12. c3 Re8 13. Nf1 c5 14. Qc2 cxd4 15.
cxd4 Nc6 16. Be2 Bg5 17. Qc3 Bd7 18. h4 Rac8 19. hxg5 Ncxd4 20. Qd2 Rc2 21.
exd4 Qxb2 22. Qxc2 Qxc2 23. Nbd2 Qc3 24. Rb1 Bb5 25. Be3 Rxe3 0-1

[Event "Gibraltar Chess Festival 2017 - Masters"]
[Site "Gibraltar ENG"]
[Date "2017.01.27"]
[Round "4.56"]
[White "Riff, Jean-Noel"]
[Black "Gulamali, Kazim"]
[Result "1-0"]
[WhiteElo "2468"]
[BlackElo "2341"]
[PlyCount "61"]
[EventDate "2017.01.24"]
[EventType "swiss"]
[EventRounds "10"]
[EventCountry "ENG"]
[SourceTitle "Ajedrez en Madrid"]
[Source "lmi"]
[SourceDate "2017.01.24"]

1. e4 d6 2. Bc4 Nf6 3. d3 c6 4. Bb3 a5 5. c3 g6 6. Nf3 Bg7 7. O-O O-O 8. h3 e5
9. Be3 Nbd7 10. Nbd2 d5 11. Re1 Re8 12. Nh2 Qc7 13. a3 b6 14. Qf3 a4 15. Ba2
Ba6 16. Bg5 h6 17. Bh4 g5 18. Bg3 Nc5 19. exd5 Nxd3 20. Ng4 Nxd5 21. Ne4 Nxe1
22. Rxe1 Re6 23. Bxd5 cxd5 24. Nef6+ Bxf6 25. Nxf6+ Kg7 26. Nh5+ Kg6 27. Rxe5
Qe7 28. Qf5+ Kxh5 29. Bf4 Qf6 30. g4+ Kh4 31. Kh2 1-0

[Event "Gibraltar Chess Festival 2017 - Masters"]
[Site "Gibraltar ENG"]
[Date "2017.01.27"]
[Round "4.57"]
[White "Buchenau, Frank"]
[Black "Almagro Llamas, Pablo"]
[Result "0-1"]
[WhiteElo "2274"]
[BlackElo "2466"]
[PlyCount "114"]
[EventDate "2017.01.24"]
[EventType "swiss"]
[EventRounds "10"]
[EventCountry "ENG"]
[SourceTitle "Ajedrez en Madrid"]
[Source "lmi"]
[SourceDate "2017.01.24"]

1. e4 c5 2. Nf3 Nc6 3. Bb5 e6 4. O-O Nge7 5. Ba4 a6 6. c4 e5 7. Nc3 Ng6 8. Nd5
Be7 9. a3 O-O 10. Rb1 d6 11. b4 f5 12. Bc2 f4 13. b5 Nb8 14. Bd3 Nd7 15. a4 Nf6
16. bxa6 Rxa6 17. Nc3 Nd7 18. Be2 Nb8 19. Ne1 Nc6 20. Bg4 Nd4 21. Bxc8 Qxc8 22.
f3 Rf7 23. Nc2 Ne6 24. d3 Nh4 25. Bd2 g5 26. g3 Ng6 27. g4 h5 28. h3 Rh7 29.
Kg2 Kf7 30. Rh1 Qd7 31. Qc1 Bd8 32. Qb2 Rb6 33. Nb5 Rc6 34. Nc3 Kf8 35. Nb5 Qg7
36. Be1 hxg4 37. hxg4 Nh4+ 38. Bxh4 gxh4 39. Nc3 Ng5 40. Kf2 h3 41. Ke2 h2 42.
Rbf1 Rh3 43. Qa1 Qh7 44. Ne1 Ba5 45. Kd2 Ra6 46. Rf2 Ne6 47. Ke2 Nd4+ 48. Kf1
Rxf3 49. Nxf3 Qh3+ 50. Ke1 Nxf3+ 51. Kd1 Nd4 52. Qb1 Rb6 53. Nb5 Qxg4+ 54. Kc1
Qg1+ 55. Rf1 Qe3+ 56. Kb2 Qd2+ 57. Ka1 Bc3+ 0-1

[Event "Gibraltar Chess Festival 2017 - Masters"]
[Site "Gibraltar ENG"]
[Date "2017.01.27"]
[Round "4.58"]
[White "Bach, Matthias"]
[Black "Kantans, Toms"]
[Result "1/2-1/2"]
[WhiteElo "2264"]
[BlackElo "2456"]
[PlyCount "133"]
[EventDate "2017.01.24"]
[EventType "swiss"]
[EventRounds "10"]
[EventCountry "ENG"]
[SourceTitle "Ajedrez en Madrid"]
[Source "lmi"]
[SourceDate "2017.01.24"]

1. d4 Nf6 2. c4 g6 3. Nc3 Bg7 4. e4 d6 5. f4 O-O 6. Nf3 c5 7. d5 e6 8. Be2 Re8
9. O-O exd5 10. e5 dxe5 11. fxe5 Ng4 12. Bg5 Qa5 13. Nxd5 h6 14. Ne7+ Rxe7 15.
Bxe7 Nc6 16. Bd6 Ne3 17. Qb3 Nxf1 18. Rxf1 Qb6 19. Qb5 Bg4 20. h3 Bxf3 21. Bxf3
Bxe5 22. Bxe5 Nxe5 23. Bxb7 Rd8 24. Qxb6 axb6 25. Bd5 Kg7 26. a4 f5 27. a5 bxa5
28. Ra1 Rd6 29. Rxa5 Nd3 30. Kf1 Kf6 31. Bf3 Re6 32. Be2 Nc1 33. Bf3 Kg5 34. g3
Re3 35. Kf2 Rb3 36. h4+ Kf6 37. Ra6+ Ke5 38. Rxg6 Nd3+ 39. Ke2 f4 40. Bd5 fxg3
41. Rxg3 Nf4+ 42. Kf2 Rxb2+ 43. Ke1 Rh2 44. Re3+ Kd6 45. Re8 Rxh4 46. Kf2 Nxd5
47. Rd8+ Kc7 48. Rxd5 Kc6 49. Ke3 Rxc4 50. Rh5 Rd4 51. Rxh6+ Kb5 52. Rh1 Rg4
53. Kd3 Rg3+ 54. Kc2 Kb4 55. Rh8 Rc3+ 56. Kb2 Re3 57. Kc2 Rf3 58. Rh7 Rf2+ 59.
Kc1 Re2 60. Rh1 Kc3 61. Rh3+ Kd4 62. Rh4+ Kd3 63. Rh3+ Re3 64. Rxe3+ Kxe3 65.
Kc2 Kd4 66. Kd2 Kc4 67. Kc2 1/2-1/2

[Event "Gibraltar Chess Festival 2017 - Masters"]
[Site "Gibraltar ENG"]
[Date "2017.01.27"]
[Round "4.59"]
[White "De Francesco, Klaus"]
[Black "Khademalsharieh, Sarasadat"]
[Result "0-1"]
[WhiteElo "2252"]
[BlackElo "2452"]
[PlyCount "78"]
[EventDate "2017.01.24"]
[EventType "swiss"]
[EventRounds "10"]
[EventCountry "ENG"]
[SourceTitle "Ajedrez en Madrid"]
[Source "lmi"]
[SourceDate "2017.01.24"]

1. d4 Nf6 2. c4 e6 3. Nc3 Bb4 4. Nf3 d5 5. e3 O-O 6. a3 Bxc3+ 7. bxc3 c5 8.
cxd5 exd5 9. Bd3 c4 10. Bc2 Bg4 11. h3 Bh5 12. g4 Bg6 13. Ne5 Bxc2 14. Qxc2
Nbd7 15. Nxd7 Qxd7 16. f3 Ne8 17. Qg2 Nd6 18. Ra2 f5 19. Re2 Rae8 20. O-O Re6
21. Qh2 Nb5 22. Bd2 Nxa3 23. gxf5 Rxf5 24. e4 Rf8 25. e5 Nb5 26. Rg2 Rf5 27.
Kh1 Nc7 28. h4 Qf7 29. Qh3 Rg6 30. Rxg6 hxg6 31. f4 Qe6 32. Kg2 a5 33. Qg4 Rxe5
34. Qxe6+ Rxe6 35. Kf3 Rb6 36. f5 gxf5 37. Bf4 Ne6 38. Re1 a4 39. Bc1 Rb1 0-1

[Event "Gibraltar Chess Festival 2017 - Masters"]
[Site "Gibraltar ENG"]
[Date "2017.01.27"]
[Round "4.60"]
[White "Serarols Mabras, Bernat"]
[Black "Zatonskih, Anna"]
[Result "1/2-1/2"]
[WhiteElo "2242"]
[BlackElo "2443"]
[PlyCount "76"]
[EventDate "2017.01.24"]
[EventType "swiss"]
[EventRounds "10"]
[EventCountry "ENG"]
[SourceTitle "Ajedrez en Madrid"]
[Source "lmi"]
[SourceDate "2017.01.24"]

1. d4 Nf6 2. c4 e6 3. g3 d5 4. Nf3 dxc4 5. Bg2 a6 6. O-O Nc6 7. e3 Rb8 8. Nfd2
Qd7 9. Nxc4 b5 10. Ncd2 Be7 11. Nc3 O-O 12. Nde4 Nxe4 13. Nxe4 Bb7 14. b3 f5
15. Nc5 Bxc5 16. dxc5 Qe7 17. Qc2 Nb4 18. Qc3 Bxg2 19. Kxg2 Nd5 20. Qe5 Rbd8
21. Bb2 Nb4 22. Qc3 Nd3 23. Rfd1 Nxb2 24. Qxb2 Rxd1 25. Rxd1 Qxc5 26. Kg1 e5
27. b4 Qe7 28. Rd5 Re8 29. Qc3 Qe6 30. Rc5 Re7 31. a3 h6 32. Rxc7 Rxc7 33. Qxc7
Kh7 34. Qc2 Kg6 35. h3 Kf6 36. Qc3 Kg6 37. Qc2 Kf6 38. Qc3 Kg6 1/2-1/2

[Event "Gibraltar Chess Festival 2017 - Masters"]
[Site "Gibraltar ENG"]
[Date "2017.01.27"]
[Round "4.61"]
[White "Pinho, Paulo"]
[Black "Womacka, Mathias"]
[Result "0-1"]
[WhiteElo "2220"]
[BlackElo "2435"]
[PlyCount "59"]
[EventDate "2017.01.24"]
[EventType "swiss"]
[EventRounds "10"]
[EventCountry "ENG"]
[SourceTitle "Ajedrez en Madrid"]
[Source "lmi"]
[SourceDate "2017.01.24"]

1. d4 Nf6 2. c4 e6 3. Nf3 Bb4+ 4. Nc3 c5 5. e3 Nc6 6. Bd3 Bxc3+ 7. bxc3 d6 8.
O-O O-O 9. Nd2 b6 10. Nb3 Ba6 11. e4 cxd4 12. cxd4 Nb4 13. Ba3 Nxd3 14. Qxd3
Qd7 15. Rfc1 Rfe8 16. Bxd6 Qxd6 17. e5 Qd8 18. exf6 Qxf6 19. a4 Qg6 20. Qxg6
hxg6 21. c5 Bb7 22. a5 bxc5 23. dxc5 Bd5 24. Nd4 Rab8 25. Rc3 Rb4 26. Rd1 Ra4
27. c6 Rxa5 28. h3 Kf8 29. Rb1 e5 30. Nf3 0-1